Vibrations and waves/

Bibliographic Details
Main Author: French, A. P. (Anthony Philip), 1920-
Format: Book
Language:English
Published: New York, New Delhi, Norton; CBS publilshers & distributers, c1971 [2003 reprinted].
Series:The M.I.T. introductory physics series
Subjects:
Classic Catalogue: View this record in Classic Catalogue
LEADER 02038nam a2200349 a 4500
001 16285
003 BD-DhAAL
008 090413r20031971nyua b 001 0 eng d
010 |a  68012181  
020 |a 8123909144 
040 |a BD-DhAAL  |c BD-DhAAL 
082 0 0 |a 530.14 
100 1 |a French, A. P.  |q (Anthony Philip),  |d 1920-  |9 41438 
245 1 0 |a Vibrations and waves/  |c by A. P. French. 
260 |a New York,  |b Norton;  |a New Delhi,  |b CBS publilshers & distributers,  |c c1971 [2003 reprinted]. 
300 |a xi, 316 pages  |b illustrations ;  |c 24 cm. 
350 |a $4.75 
490 0 |a The M.I.T. introductory physics series 
504 |a Includes bibliographical references (pages 303-307). 
541 1 |e 16285 
650 0 |a Vibration.  |9 41439 
650 0 |a Waves.  |9 41440 
830 |a The M.I.T. introductory physics series  |9 41441 
852 |a Ayesha Abed Library  |c General Stacks 
942 |2 ddc  |c BK 
999 |c 199  |d 199 
952 |0 0  |1 0  |2 ddc  |4 0  |6 530_140000000000000_FRE_2003  |7 0  |9 183  |a BRACUL  |b BRACUL  |c GEN  |d 2009-04-29  |g 170.00  |l 9  |m 89  |o 530.14 FRE  |p 3010016285  |r 2026-05-16  |s 2026-03-08  |t 1  |v 340.00  |w 2009-04-29  |y BK 
952 |0 0  |1 0  |2 ddc  |4 0  |6 530_140000000000000_FRE  |7 0  |9 12502  |a BRACUL  |b BRACUL  |c GEN  |d 2010-10-18  |l 6  |m 45  |o 530.14 FRE  |p 3010012815  |r 2024-05-28  |s 2024-05-16  |t 2  |w 2010-10-18  |y BK  |x Price not available in Register 
952 |0 0  |1 0  |2 ddc  |4 0  |6 530_140000000000000_FRE_2003  |7 0  |9 12503  |a BRACUL  |b BRACUL  |c GEN  |d 2010-10-18  |l 12  |m 62  |o 530.14 FRE  |p 3010016284  |r 2026-03-29  |s 2026-02-18  |t 3  |w 2010-10-18  |y BK 
952 |0 0  |1 0  |2 ddc  |4 0  |6 530_140000000000000_FRE_2003  |7 0  |9 12504  |a BRACUL  |b BRACUL  |c GEN  |d 2010-10-18  |l 14  |m 107  |o 530.14 FRE  |p 3010016287  |r 2026-05-04  |s 2026-05-03  |t 4  |w 2010-10-18  |y BK 
952 |0 0  |1 0  |2 ddc  |4 0  |6 530_140000000000000_FRE_2003  |7 0  |9 17233  |a BRACUL  |b BRACUL  |c GEN  |d 2011-06-21  |l 13  |m 189  |o 530.14 FRE  |p 3010016286  |r 2026-05-21  |s 2026-02-01  |t 5  |w 2011-06-21  |y BK 
952 |0 0  |1 0  |2 ddc  |4 0  |6 530_140000000000000_FRE  |7 0  |9 44690  |a BRACUL  |b BRACUL  |c GEN  |d 2015-01-10  |l 3  |m 31  |o 530.14 FRE  |p 3010012816  |r 2024-03-03  |s 2024-02-20  |t 6  |w 2015-01-10  |y BK  |x Price not available in Register